| 000 | 01045nam a2200301 i 4500 | ||
|---|---|---|---|
| 003 | EG-GICUC | ||
| 005 | 20260423204707.0 | ||
| 008 | 260423s1958 fr |||fr|||| 00| 0 fre d | ||
| 040 |
_aEG-GiCUC _bfre _cEG-GiCUC _dEG-GiCUC _eRda |
||
| 082 | 0 | 4 |
_221 _a343 _bCO |
| 092 | 0 | 4 | _221 |
| 099 | _aLaw1 10 343 CO 1958 | ||
| 245 | 0 | 0 |
_aCode Pénal : _bAnnoté D'après La Doctrine Et La Jurisprudence Ayéc Renvois Aux Publications Dalloz. |
| 250 | _aCinquante-cinquième Édition | ||
| 264 | 1 |
_aParis : _bJurisprudence Générale Dalloz, _c1958. |
|
| 264 | 3 |
_aFrance : _bTypographie Firmin-didot Et, |
|
| 300 |
_aVi - Viii, 836 page; _c 24 cm. _billustration ; |
||
| 336 |
_2rda contenu _a texte |
||
| 337 |
_2rda medias _aOrdinateur |
||
| 338 |
_2 transporteur rda _a Ressource en ligne |
||
| 490 | _aPetits Codes Dalloz | ||
| 504 | _aBibliography: pages 200-250. 240-220 | ||
| 650 | 1 |
_aDroit De Pénal _2qrmak |
|
| 651 | 1 | _2qrmak | |
| 856 | 4 | 0 | _uhttps://fll.law.cu.edu.eg/fulltext/bks/B10-10671.pdf |
| 905 | _a54 | ||
| 942 |
_2ddc _cBK _e21 _n0 |
||
| 999 |
_c73254 _d73254 |
||